| 000 | 00870cam a2200229 4500 | ||
|---|---|---|---|
| 001 | WB3741-13 | ||
| 008 | 011030n2001 000 0 eng u | ||
| 035 | _a(Sirsi) u115395 | ||
| 245 | _aBuilders ignore flood plain warning | ||
| 260 | _c2001 | ||
| 490 |
_aTimes Weekend _v 27 October 2001, 17(1) |
||
| 520 | _aReports that housebuilders are increasingly developing on flood plains, and have nearly doubled the number of houses they are developing in flood zones in a year. Local planning authorities appear to be turning a blind eye to such developments and ignoring the objections of the Environment Agency. | ||
| 590 | _aWB | ||
| 650 | _aENVIRONMENT AGENCY | ||
| 650 | _aRICS | ||
| 650 | _aLOCAL PLANNING AUTHORITIES | ||
| 650 | _aHOUSE BUILDERS | ||
| 650 | _aFLOOD RISK AREAS | ||
| 650 | _aFLOOD PLAINS | ||
| 690 | _aHOUSING-DEVELOPMENT | ||
| 942 | _n0 | ||
| 999 |
_c68717 _d68717 |
||